Library development in eight Asian countries /
সংরক্ষণ করুন:
| প্রধান লেখক: | |
|---|---|
| অন্যান্য লেখক: | , |
| বিন্যাস: | Sách giấy |
| ভাষা: | English |
| প্রকাশিত: |
Metuchen, N. J. :
The Scarecrow Press,
1969.
|
| ট্যাগগুলো: |
ট্যাগ যুক্ত করুন
কোনো ট্যাগ নেই, প্রথমজন হিসাবে ট্যাগ করুন!
|
| Thư viện lưu trữ: | Thư viện Trường Đại học Đà Lạt |
|---|
| LEADER | 00724nam a2200289 4500 | ||
|---|---|---|---|
| 001 | DLU100111868 | ||
| 005 | ##20100920 | ||
| 040 | # | # | |a DLU |b vie |
| 041 | # | # | |a eng |
| 044 | # | # | |a us |
| 082 | # | # | |a 021.009 |b KA-D |
| 100 | # | # | |a Kaser, David. |
| 245 | # | # | |a Library development in eight Asian countries / |c David Kaser, C. Walter Stone, Cecil K. Byrd. |
| 260 | # | # | |a Metuchen, N. J. : |b The Scarecrow Press, |c 1969. |
| 300 | # | # | |a 243 p. ; |c 23 cm. |
| 700 | # | # | |a Byrd, Cecil K. |
| 700 | # | # | |a Stone, C. Walter. |
| 923 | # | # | |a 100/2010 |
| 992 | # | # | |a 0 |
| 994 | # | # | |a DLU |
| 900 | # | # | |a True |
| 911 | # | # | |a Lý Thị Hồng Hạnh |
| 925 | # | # | |a G |
| 926 | # | # | |a A |
| 927 | # | # | |a SH |
| 980 | # | # | |a Thư viện Trường Đại học Đà Lạt |